Statistics for Name All Korean States from 57 BCE - Present

Click here to take the quiz!

General Stats

  • This quiz has been taken 9 times
  • The average score is 9 of 14

Answer Stats

Time periodAnswer% Correct
1910 CE–1945 CEJapanese Occupation
89%
1392 CE–1897 CEJoseon Dynasty
89%
1948 CE–presentDemocratic Peoples Republic of Korea
78%
1897 CE–1910 CEKorean Empire
78%
1948 CE–presentRepublic of Korea
78%
698 CE–926 CEBalhae
67%
57 BCE–935 CESilla
67%
668 CE–935 CEUnified / Later Silla
67%
18 BCE–660 CEBaekje
56%
37 BCE–668 CEGoguryeo
56%
901 CE–918 CEGoryeo / Majin / Taebong
56%
892 CE–936 CELater Baekje / Hubaekje
56%
42 CE–562 CEGaya Confederacy
44%
918 CE–1392 CEGoryeo Dynasty
44%

Score Distribution

Percentile by Number Answered

Percent of People with Each Score

Your Score History

You have not taken this quiz